Normal view
MARC view
Entry Personal Name
001 - CONTROL NUMBER
- control field: 51533
003 - CONTROL NUMBER IDENTIFIER
- control field: ARRUPE
005 - DATE AND TIME OF LATEST TRANSACTION
- control field: 20220511084941.0
008 - FIXED-LENGTH DATA ELEMENTS
- fixed length control field: 220511|| aca||aabn | a|a d
040 ## - CATALOGING SOURCE
- Original cataloging agency: ARRUPE
- Transcribing agency: ARRUPE
100 ## - HEADING--PERSONAL NAME
- Personal name: Lakatos, Imre,
- Dates associated with a name: 1922-1974
670 ## - SOURCE DATA FOUND
- Source citation: Work cat.: (ARRUPE)131402: Lakatos, Imre, 1922-1974., Proofs and refutations :, 1976.